[Event "Florianopolis Winter op 5th"]
[Site "Florianopolis"]
[Date "2019.08.30"]
[Round "2"]
[White "De Oliveira, Nicolas Fabiane"]
[Black "Loss, Victor Pinheiro Cos"]
[Result "0-1"]
[WhiteElo "1093"]
[BlackElo "1446"]
[PlyCount "62"]
[EventDate "2019.08.30"]
[EventType "swiss"]
[EventRounds "7"]
[EventCountry "BRA"]
[SourceTitle "EXT 2020"]
[Source "ChessBase"]
[SourceDate "2019.10.17"]
[SourceVersion "1"]
[SourceVersionDate "2019.10.17"]
[SourceQuality "1"]

1. d4 d5 2. c4 e6 3. Nc3 Nf6 4. cxd5 exd5 5. Bg5 Be7 6. e3 0-0 7. Qc2 c6 8. Bd3 Nbd7 9. Nge2 Re8 10. 0-0 Nf8 11. Rab1 g6 12. Bxf6 Bxf6 13. b4 a6 14. a4 Ne6 15. b5 c5 16. dxc5 Nxc5 17. Rfd1 Nxd3 18. Rxd3 Bf5 19. e4 Rxe4 20. Rxd5 Qc7 21. Rxf5 gxf5 22. Rc1 Rc4 23. Qd2 Rd8 24. Qe1 Bxc3 25. Nxc3 Rxc3 26. Rb1 Rc8 27. g3 Rc1 28. Rxc1 Qxc1 29. Qxc1 Rxc1+ 30. Kg2 axb5 31. axb5 Rb1 0-1

[Event "Sao Bento do Sul op 05"]
[Site "Sao Bento do Sul"]
[Date "2019.05.18"]
[Round "4"]
[White "De Oliveira, Nicolas Fabiane"]
[Black "Belarmino, Augusto Mengarda"]
[Result "1-0"]
[WhiteElo "1086"]
[BlackElo "1140"]
[PlyCount "75"]
[EventDate "2019.05.17"]
[EventType "swiss"]
[EventRounds "7"]
[EventCountry "BRA"]
[SourceTitle "CBM 195 Extra"]
[Source "ChessBase"]
[SourceDate "2020.05.31"]
[SourceVersion "1"]
[SourceVersionDate "2020.05.31"]
[SourceQuality "1"]

1. d4 d5 2. c4 Nc6 3. Nc3 e6 4. Nf3 Nf6 5. cxd5 Nxd5 6. e4 Nf6 7. Bg5 Bb4 8. Bxf6 Qxf6 9. Bb5 Bd7 10. 0-0 Bxc3 11. bxc3 0-0 12. Qd3 Rad8 13. Ba4 Rfe8 14. Rab1 e5 15. d5 Na5 16. Bxd7 Rxd7 17. Qb5 c6 18. Qxa5 b6 19. Qa4 Rc8 20. Qc4 Rdc7 21. Qd3 Rd8 22. c4 cxd5 23. cxd5 Rc5 24. Rfd1 Qg6 25. Nxe5 Qf6 26. Ng4 Qg6 27. f3 Rdc8 28. d6 Qg5 29. Qd2 Qh4 30. g3 Qh3 31. Nf2 Qe6 32. d7 Rd8 33. f4 Qc6 34. Rbc1 Rxc1 35. Rxc1 Qxd7 36. Qxd7 Rxd7 37. Rc8+ Rd8 38. Rxd8# 1-0

[Event "Sao Bento do Sul op 05"]
[Site "Sao Bento do Sul"]
[Date "2019.05.17"]
[Round "1"]
[White "Da Silva Junior, Marco Aurelio"]
[Black "De Oliveira, Nicolas Fabiane"]
[Result "1-0"]
[WhiteElo "1638"]
[BlackElo "1086"]
[PlyCount "73"]
[EventDate "2019.05.17"]
[EventType "swiss"]
[EventRounds "7"]
[EventCountry "BRA"]
[SourceTitle "CBM 195 Extra"]
[Source "ChessBase"]
[SourceDate "2020.05.31"]
[SourceVersion "1"]
[SourceVersionDate "2020.05.31"]
[SourceQuality "1"]

1. b4 e5 2. Bb2 d6 3. d3 Nf6 4. Nd2 d5 5. Bxe5 Bxb4 6. Rb1 Nc6 7. Ngf3 Bg4 8. c3 Bxf3 9. Nxf3 Nxe5 10. Rxb4 Nxf3+ 11. gxf3 b6 12. Bh3 c5 13. Qa4+ Nd7 14. Rb1 Rb8 15. Qxa7 0-0 16. Qxd7 Qf6 17. Kd2 Rbd8 18. Qf5 Qh6+ 19. e3 Rfe8 20. Rhg1 d4 21. Qg5 dxc3+ 22. Kc2 Qxg5 23. Rxg5 h6 24. Rg3 Rb8 25. Rbg1 g5 26. f4 f6 27. fxg5 fxg5 28. f4 Ra8 29. fxg5 hxg5 30. Rxg5+ Kf8 31. Rf1+ Ke7 32. Rg7+ Kd8 33. Rd7+ Kc8 34. Rff7 Rxa2+ 35. Kb3 Ra4 36. Rc7+ Kd8 37. Rc8# 1-0

[Event "BRA-ch U12"]
[Site "Florianopolis"]
[Date "2019.04.21"]
[Round "6"]
[White "De Oliveira, Nicolas Fabiane"]
[Black "Alberti, Joao Valmar Bonfim"]
[Result "0-1"]
[WhiteElo "1062"]
[BlackElo "1834"]
[PlyCount "62"]
[EventDate "2019.04.18"]
[EventType "swiss"]
[EventRounds "6"]
[EventCountry "BRA"]
[SourceTitle "CBM 190 Extra"]
[Source "ChessBase"]
[SourceDate "2019.07.15"]
[SourceVersion "1"]
[SourceVersionDate "2019.07.15"]
[SourceQuality "1"]

1. d4 d5 2. c4 e6 3. Nc3 Nf6 4. cxd5 exd5 5. Bg5 Be7 6. e3 c6 7. Bd3 h6 8. Bxf6 Bxf6 9. Nf3 Nd7 10. 0-0 0-0 11. Bc2 g6 12. Re1 Bg7 13. e4 dxe4 14. Nxe4 Nf6 15. Ng3 Nd5 16. a3 Bg4 17. h3 Bxf3 18. Qxf3 Nb6 19. Rad1 Qc7 20. Qd3 Rad8 21. Qc3 c5 22. Ne2 Qc6 23. Bb3 Na4 24. Qg3 cxd4 25. Ba2 Nxb2 26. Rc1 Qa6 27. Nf4 Kh7 28. Rc7 d3 29. Bxf7 Rxf7 30. Rxf7 d2 31. Nh5 dxe1Q+ 0-1

[Event "Florianopolis op 5th"]
[Site "Florianopolis"]
[Date "2019.01.22"]
[Round "3"]
[White "Ibanez, Jorge Dias Llivi"]
[Black "De Oliveira, Nicolas Fabiane"]
[Result "1-0"]
[WhiteElo "1549"]
[BlackElo "1078"]
[PlyCount "95"]
[EventDate "2019.01.21"]
[EventType "swiss"]
[EventRounds "10"]
[EventCountry "BRA"]
[SourceTitle "CBM 188 Extra"]
[Source "ChessBase"]
[SourceDate "2019.02.26"]
[SourceVersion "1"]
[SourceVersionDate "2019.02.26"]
[SourceQuality "1"]

1. e4 e5 2. Nc3 Nc6 3. Bc4 Bc5 4. Nf3 Nf6 5. d3 d6 6. Bg5 a5 7. Bh4 Bg4 8. Bb5 Bxf3 9. Qxf3 h6 10. Bxc6+ bxc6 11. 0-0 0-0 12. Qf5 Rb8 13. Rab1 Re8 14. Kh1 Re6 15. Ne2 Qe8 16. c3 d5 17. f3 Be7 18. c4 g6 19. Qh3 d4 20. Bxf6 Bxf6 21. Qxh6 Bg7 22. Qg5 Bf6 23. Qg4 Qf8 24. f4 Qh6 25. f5 Re7 26. fxg6 fxg6 27. Ng3 Kf7 28. c5 Re6 29. Rf2 Ke7 30. b3 Bh4 31. Rbf1 Bxg3 32. Qxg3 Rg8 33. Qg4 Rh8 34. h3 g5 35. Rf7+ Kd8 36. R7f6 Qxf6 37. Rxf6 Rxf6 38. Qxg5 Ke7 39. Qxe5+ Kf7 40. Qxd4 Rg8 41. Kh2 Rfg6 42. g4 Rf8 43. Kg3 Rf6 44. Qd7+ Kg6 45. Qd4 Rf3+ 46. Kg2 Kg5 47. Qe5+ Kh4 48. Qh5# 1-0

[Event "Florianopolis op 5th"]
[Site "Florianopolis"]
[Date "2019.01.21"]
[Round "1"]
[White "De Oliveira, Nicolas Fabiane"]
[Black "Vieira, Rodrigo Chagas"]
[Result "0-1"]
[WhiteElo "1078"]
[BlackElo "1892"]
[PlyCount "70"]
[EventDate "2019.01.21"]
[EventType "swiss"]
[EventRounds "10"]
[EventCountry "BRA"]
[SourceTitle "CBM 188 Extra"]
[Source "ChessBase"]
[SourceDate "2019.02.26"]
[SourceVersion "1"]
[SourceVersionDate "2019.02.26"]
[SourceQuality "1"]

1. e4 d6 2. d4 g6 3. c3 Bg7 4. Nf3 Nf6 5. Bd3 0-0 6. 0-0 Nc6 7. Bg5 h6 8. Bxf6 Bxf6 9. h3 e5 10. d5 Ne7 11. Nbd2 g5 12. c4 Ng6 13. g3 Bxh3 14. Re1 h5 15. Nh2 h4 16. Qh5 Kg7 17. Qf3 hxg3 18. Qxg3 Nf4 19. Bc2 Rh8 20. Ndf3 Qe7 21. Ng4 Bg2 22. Nfh2 Rh3 23. Qxg2 Nxg2 24. Kxg2 Rah8 25. Rh1 c6 26. Nxf6 Qxf6 27. f3 Rxh2+ 28. Rxh2 Rxh2+ 29. Kxh2 Qf4+ 30. Kg2 Qd2+ 31. Kg3 Qxc2 32. Rg1 Qxc4 33. Kh2 f6 34. b3 Qe2+ 35. Rg2 Qxf3 0-1